Statistiques concernant Football - Tous les joueurs de PL - 2023/2024 (Sans Yellow Box) - Prt2

Cliquez ici pour prendre le quiz!

Statistiques générales

  • Ce quiz a été pris 2 fois
  • Le résultat moyen est 10 sur 59

Statistiques - réponses

ClubAnnée naissanceNationalitéPosteJoueur% Correct
SHU1996CroatieGIvo Grbic
100%
SHU1992Pays de GallesGAdam Davies
50%
SHU1999BosnieDCAnel Ahmedhodzic
50%
SHU1998Etats-UnisDCAuston Trusty
50%
SHU1988AngleterreDCChris Basham
50%
SHU1967AngleterreCoachChris Wilder
50%
SHU1993GrèceDDGeorge Baldock
50%
SHU1993AngleterreDCJack Robinson
50%
SHU2000AngleterreDDJayden Bogle
50%
SHU1992IrlandeDCJohn Egan
50%
SHU2001GhanaGJordan Amissah
50%
SHU1996AngleterreDCMason Holgate
50%
SHU1997AngleterreDGMax Lowe
50%
SHU1999Pays de GallesDDRhys Norrington-Davies
50%
LTFC1993AngleterreMCRoss Barkley
50%
SHU1999BrésilMDCVini Souza
50%
SHU1991AngleterreGWes Foderingham
50%
SHU2001AlgérieDGYasser Larouci
50%
LTFC1999BelgiqueMCAlbert Sambi Lokonga
0%
LTFC1999AngleterreDG/MGAlfie Doughty
0%
LTFC1994JamaïqueDC/DGAmari'i Bell
0%
SHU2003AngleterreMCAndre Brooks
0%
LTFC1991AngleterreAD/AGAndros Tonwnsend
0%
SHU2001TunisieMCAnis Slimane
0%
SHU1999ChiliACBen Brereton Diaz
0%
SHU1994AngleterreMCBen Osborn
0%
SHU2001AngleterreACCameron Archer
0%
LTFC1995AngleterreACCarlton Morris
0%
LTFC1994AngleterreACCauley Woodrow
0%
LTFC1997IrlandeADChiedozie Ogbene
0%
LTFC1999JaponDDDaiki Hashioka
0%
SHU2003CanadaACDaniel Jebbinson
0%
LTFC1994AngleterreDGDan Potts
0%
LTFC1998AngleterreACElijah Adebayo
0%
LTFC2000Pays de GallesMCElliot Thorpe
0%
LTFC1996NigériaMOCFred Onyedinma
0%
LTFC1998AngleterreDCGabriel Osho
0%
SHU1997Pays-BasMCGustavo Amer
0%
LTFC2001Burkina FasoDDIssa Kaboré
0%
LTFC1998EcosseACJacob Brown
0%
SHU2002AngleterreMCJames McAtee
0%
LTFC1991AngleterreGJames Shea
0%
LTFC1993AngleterreMCJordan Clark
0%
LTFC1992AngleterreMCLuke Berry
0%
LTFC1997DanemarkDCMads Andersen
0%
LTFC1994ZimbabweMDCMarvelous Nakamba
0%
SHU1996EcosseACOli McBurnie
0%
SHU1991Irlande du NordMCOliver Norwood
0%
LTFC1994RDCMDCPelly Ruddock Mpanzu
0%
LTFC1996AngleterreDCReece Burke
0%
SHU2000AngleterreACRhian Brewster
0%
LTFC1982Pays de GallesCoachRob Edwards
0%
LTFC1999Pays-BasAD/AGTahith Chong
0%
LTFC2002AngleterreDCTeden Mengi
0%
LTFC1992BelgiqueGThomas Kaminski
0%
LTFC1988Pays-BasGTim Krul
0%
SHU1998AngleterreMCTom Davies
0%
LTFC1994Pays de GallesDCTom Lockyer
0%
SHU2003DanemarkACWilliam Osula
0%

Distribution des résultats

Percentile par nombre de réponses

% des personnes avec chaque résultat

Votre développement - résultats

Vous n’avez pas pris ce quiz